Statistics for Maggie Smith Filmography

Click here to take the quiz!

General Stats

  • This quiz has been taken 91 times
    (45 since last reset)
  • The average score is 28 of 162

Answer Stats

TypeYearName% Correct
TV Show2010-2015Downton Abbey
88%
Film2019Downton Abbey
88%
Film2011Harry Potter and the Deathly Hallows - Part 2
84%
Film2001Harry Potter and the Philosopher's Stone
84%
Film2002Harry Potter and the Chamber of Secrets
81%
Film2009Harry Potter and the Half-Blood Prince
78%
Film2004Harry Potter and the Prisoner of Azkaban
78%
Theater1999-2000The Lady in the Van
78%
Film2015The Lady in the Van
78%
Film2007Harry Potter and the Order of the Phoenix
75%
Film1969The Prime of Miss Jean Brodie
72%
Film2005Harry Potter and the Goblet of Fire
69%
Film1992Sister Act
59%
Film2011The Best Exotic Marigold Hotel
59%
Film2022Downton Abbey: A New Era
56%
Film1993Sister Act 2: Back in the Habit
53%
Film2015The Second Best Exotic Marigold Hotel
53%
Film2001Gosford Park
50%
Film1981Quartet
47%
Film2012Quartet
47%
Film1999Tea with Mussolini
47%
Film1978Death on the Nile
44%
Film1965Othello
44%
Theater1964Othello
44%
Film1993The Secret Garden
44%
Film1985A Room with a View
41%
Film2004Ladies in Lavender
41%
Film1991Hook
38%
Film1990Romeo.Juliet
38%
Theater1978Macbeth
34%
Documentary2018Nothing Like a Dame
34%
Film2021A Boy Called Christmas
31%
Film1982Evil Under the Sun
31%
Film1978California Suite
28%
Film2005Keeping Mum
28%
Film2010Nanny McPhee and the Big Bang
28%
Film2023The Miracle Club
28%
Film1996The First Wives Club
25%
TV Film1967Much Ado About Nothing
22%
Theater1965, 1980Much Ado About Nothing
22%
Film2014My Old Lady
22%
Film1972Travels with My Aunt
22%
Film1984A Private Function
19%
TV Mini-Series1999David Copperfield
19%
Film2011Gnomeo & Juliet
19%
Film1976Murder by Death
19%
TV Film2003My House in Umbria
19%
Film1995Richard III
19%
Theater1977Richard III
19%
Film2018Sherlock Gnomes
19%
Theater1952Twelfth Night
19%
Theater2019A German Life
16%
FilmTBAA German Life
16%
Theater1977A Midsummer Night's Dream
16%
Film1981Clash of the Titans
16%
Film2002Divine Secrets of the Ya-Ya Sisterhood
16%
Film2009From Time to Time
16%
Theater1959Richard II
16%
Film1982The Missionary
13%
Film1963The V.I.P.s
13%
Video Game2018Harry Potter: Hogwarts Mystery
9%
TV Show1956Theatre Royal
9%
TV Show1974, 1975The Carol Burnett Show
9%
Film1967The Honey Pot
9%
Theater1993The Importance of Being Earnest
9%
Film1965Young Cassidy
9%
Theater1958-1959, 1977-1978As You Like It
6%
Film2007Becoming Jane
6%
Film1956Child in the House
6%
Film1998Curtain Call
6%
Film1968Hot Millions
6%
Theater1987, 1990Lettice and Lovage
6%
Film1984Lily in Love
6%
Theater1956New Faces of '56
6%
Film1958Nowhere to Go
6%
Film1969Oh! What a Lovely War
6%
Theater1973Peter Pan
6%
Theater1957, 1963Share My Lettuce
6%
TV Show1988Talking Heads
6%
Theater1996, 2004Talking Heads
6%
Film1999The Last September
6%
Film1987The Lonely Passion of Judith Hearne
6%
Theater1959The Merry Wives of Windsor
6%
Film1964The Pumpkin Eater
6%
Theater1966A Bond Honoured
3%
TV Film1999All the King's Men
3%
Theater1954A Man About the House
3%
TV Show1958, 1959, 1960Armchair Theatre
3%
TV Show1968, 1972BBC Play of the Month
3%
Film1983Better Late Than Never
3%
Theater1965-1966Black Comedy
3%
Theater1953Cakes and Ale
3%
Theater1952Cinderella
3%
Theater1971Design for Living
3%
Theater1954Don't Listen Ladies
3%
Film1962Go to Blazes
3%
TV Show1993Great Performances
3%
Theater1964, 1977Hay Fever
3%
Theater1970Hedda Gabler
3%
Theater1952He Who Gets Slapped
3%
Theater1953Housemaster
3%
TV Show1968ITV Playhouse
3%
TV Show1957-1960, 1966ITV Play of the Week
3%
TV Show1959, 1960, 1961ITV Television Playhouse
3%
TV Show1957Kraft Television Theatre
3%
Theater1954Listen to the Wind
3%
Film1973Love and Pain and the Whole Damn Thing
3%
Theater1963Mary, Mary
3%
Theater1965-1967Miss Julie
3%
TV Show1957On Stage - London
3%
Theater1954On the Mile
3%
Theater1954Oxford Accents
3%
Theater1972, 1975, 1978Private Lives
3%
Theater1960Rhinoceros
3%
Theater1953Rookery Nook
3%
TV Show1992Screen Two
3%
TV Film1957Sing for Your Supper
3%
Theater1960Strip the Willow
3%
TV Show1955Sunday Night Theatre
3%
TV Show1957The Adventures of Aggie
3%
Theater1954Theatre 1900
3%
Theater1970The Beaux' Stratagem
3%
Theater1969The Country Wife
3%
Theater1958-1959The Double Dealer
3%
Theater1954The Government Inspector
3%
Theater1954The Letter
3%
Theater1953The Love of Four Colonels
3%
Theater1955The Magistrate
3%
Theater1964The Master Builder
3%
Theater1954The Ortolan
3%
Theater1962The Private Ear
3%
Theater1962The Public Eye
3%
Theater1963The Recruiting Officer
3%
Theater1961The Rehearsal
3%
Theater1955The School for Scandal
3%
Theater1958The Stepmother
3%
Theater1976Three Sisters
3%
Theater1994Three Tall Women
3%
Theater1965Trelawny of the 'Wells'
3%
Film1997Washington Square
3%
Theater1960What Every Woman Knows
3%
Theater1997A Delicate Balance
0%
TV Show1983All for Love
0%
Theater1976Antony and Cleopatra
0%
TV Film2007Capturing Mary
0%
TV Show1958Chelsea at Nine
0%
Theater1987Coming Into Land
0%
TV Show1974, 1977Dinah!
0%
TV Show1955-1956Double Your Money
0%
Theater1985Interpreters
0%
Commercial1990Maxwell House
0%
Theater1979-1980Night and Day
0%
Theater1974Snap!
0%
Theater2002The Breath of Life
0%
Theater1976-1977The Guardsman
0%
Theater1986The Infernal Machine
0%
Theater2007The Lady from Dubuque
0%
TV Show1971The Merv Griffin Show
0%
Theater1980The Seagull
0%
Theater1976, 1984The Way of the World
0%
Documentary Series1977This Is Your Life
0%
Theater1980-1981Virginia
0%

Score Distribution

Percentile by Number Answered

Percent of People with Each Score

Your Score History

You have not taken this quiz since the last reset